000 00384 a2200169 4500
001 175556
020 _a85-08-09468-X
040 _cMagnum
100 _aMachado, Ana Maria
240 1 0 _aHistória meio ao contrário
_lpor
245 1 0 _aHistória meio ao contrário
300 _a48
362 0 _a2005
440 1 _aÁtica
697 _aLITERATURA INFANTO-JUVENIL
942 _cBK
999 _c175556
_d175556